000
00215nam a22001097a 4500
041
_a
eng
080
_a
80
100
_a
Kelsey, H. W.
245
_a
How to improve your bridge.
650
_a
Reference
999
_c
279460
_d
279460
942
_c
BK